000 00615nam a2200169 i 4500
001 93895
003 ES-MaACL
005 20230906181335.0
007 t|
008 050422s1972 sp ||||1| spa d
100 1 _aLópez Piñero, José María.
_973895
245 1 3 _aEl análisis estadístico y sociométrico de la literatura científica /
_cJosé María López Piñero.
260 _aValencia :
_bCentro de Documentación e Informática Médica,
_c1972.
300 _a82 p. :
_bil. ;
_c23 cm.
710 2 _aCentro de Documentación e Informática Médica (Valencia)
_92602
852 _aES-MaACL
_jC-49273
_bR.84850
999 _c93895
_d93895